| 000 | 00974nam a2200289 4500 | ||
|---|---|---|---|
| 003 | OSt | ||
| 005 | 20260601171006.0 | ||
| 008 | 260508b1925\\\\enk|||||\||||\00|\0\eng\d | ||
| 040 |
_aICI _bSPA _cICI |
||
| 050 |
_aNC703 _bK5413 |
||
| 100 | 1 |
_a Klee, Paul, _d1879-1940, _eautor, artista _923012 |
|
| 240 |
_aPadagogisches Skizzenbuch. _lInglés |
||
| 245 | 1 |
_aPedagogical sketchbook / _cPaul Klee ; introduction and translation by Sibyl Moholy-Nagy |
|
| 264 |
_a London : _bFaber and Faber, _c1968 |
||
| 300 |
_a64 páginas _bilustraciones |
||
| 336 |
_atexto _2rdacontent |
||
| 337 |
_asin medio _2rdamedia |
||
| 338 |
_avolumen _2rdacarrier |
||
| 490 |
_a Bauhaus books ; _v 2 |
||
| 600 | 1 |
_aKlee, Paul, _d1879-1940 _923012 |
|
| 650 | 4 | _a Composición (Arte) | |
| 650 | 4 |
_aDiseño _92672 |
|
| 650 | 4 |
_aDiseño industrial _915218 |
|
| 700 | 1 |
_aKlee, Paul, _d 1879-1940. _923012 |
|
| 700 | 1 |
_aMoholy-Nagy, Sibyl, _d1905- , _eprologuista, traductor _932234 |
|
| 942 |
_2lcc _cB _n1 |
||
| 999 |
_c20275 _d20275 |
||